The Hill Of Flutes:life,love and poetry in tribal India a portrait of the santals (Record no. 170214)
[ view plain ]
| 000 -LEADER | |
|---|---|
| fixed length control field | 00353nam a22001097a 4500 |
| 020 ## - INTERNATIONAL STANDARD BOOK NUMBER | |
| ISBN | 0045720215 |
| 082 ## - DEWEY DECIMAL CLASSIFICATION NUMBER | |
| Classification number | 301.209541 |
| Item number | ACR |
| 100 ## - MAIN ENTRY--AUTHOR NAME | |
| Personal name | Archer W.G. |
| 245 ## - TITLE STATEMENT | |
| Title | The Hill Of Flutes:life,love and poetry in tribal India a portrait of the santals |
| Statement of responsibility, etc | by W.G Archer |
| 260 ## - PUBLICATION, DISTRIBUTION, ETC. (IMPRINT) | |
| Place of publication | London: |
| Name of publisher | George Allen & Unwin ltd, |
| Year of publication | 1974. |
| 300 ## - PHYSICAL DESCRIPTION | |
| Number of Pages | 375p;ill.map. |
| Dimensions | 24cm. |
| Withdrawn status | Lost status | Damaged status | Collection code | Home library | Current library | Shelving location | Date acquired | Full call number | Accession Number | Koha item type |
|---|---|---|---|---|---|---|---|---|---|---|
| HISTORY | North Eastern Hill University | North Eastern Hill University | General Stacks | 22/02/1975 | 301.209541 ACR | 6214 | Books |
